Idārat al-afrād min al-nāḥiyah al-taṭbīqīyah, / (Record no. 47980)

MARC details
000 -LEADER
fixed length control field 00755cam a22002291 4500
001 - CONTROL NUMBER
control field ne 65000556
003 - CONTROL NUMBER IDENTIFIER
control field DLC
005 - DATE AND TIME OF LATEST TRANSACTION
control field 20260227111811.0
008 - FIXED-LENGTH DATA ELEMENTS--GENERAL INFORMATION
fixed length control field 840111s1963 ua 000 0 arar
010 ## - LIBRARY OF CONGRESS CONTROL NUMBER
LC control number ne 65000556
035 ## - SYSTEM CONTROL NUMBER
System control number (OCoLC)10288111
040 ## - CATALOGING SOURCE
Original cataloging agency DLC
Transcribing agency TxU
Modifying agency DLC
042 ## - AUTHENTICATION CODE
Authentication code premarc
050 00 - LIBRARY OF CONGRESS CALL NUMBER
Classification number HF5549
Item number .U2
100 1# - MAIN ENTRY--PERSONAL NAME
Personal name ʻUbayd, ʻĀṭif Muḥammad.
245 10 - TITLE STATEMENT
Title Idārat al-afrād min al-nāḥiyah al-taṭbīqīyah, /
Statement of responsibility, etc. taʼlīf ʻĀṭif Muḥammad ʻUbayd.
260 ## - PUBLICATION, DISTRIBUTION, ETC.
Place of publication, distribution, etc. [al-Qāhirah,
Name of publisher, distributor, etc. Dār al-Nahḍah al-ʻArabīyah, al-Taqdīm
Date of publication, distribution, etc. 1963]
300 ## - PHYSICAL DESCRIPTION
Extent 611 p. ;
Dimensions 24 cm.
500 ## - GENERAL NOTE
General note At head of title: Dirāsāt ʻamalīyah fī idārat al-aʻmāl.
504 ## - BIBLIOGRAPHY, ETC. NOTE
Bibliography, etc. note Includes bibliographies.
650 #0 - SUBJECT ADDED ENTRY--TOPICAL TERM
Topical term or geographic name entry element Personnel management.

No items available.

Powered by Koha